[Event "SVK-chT1W 2223"]
[Site "Slovakia"]
[Date "2022.10.16"]
[Round "2.6"]
[White "Kovac, Lubomir"]
[Black "Jursa, Branislav"]
[Result "1-0"]
[WhiteElo "2063"]
[BlackElo "1946"]
[PlyCount "81"]
[EventDate "2022.10.15"]
[EventType "team-tourn"]
[EventRounds "11"]
[EventCountry "SVK"]
[SourceTitle "EXT 2024"]
[Source "ChessBase"]
[SourceDate "2023.10.10"]
[SourceVersion "1"]
[SourceVersionDate "2023.10.10"]
[SourceQuality "1"]
[WhiteTeam "Levice"]
[BlackTeam "Bratislava Lokomotiva"]
[WhiteTeamCountry "SVK"]
[BlackTeamCountry "SVK"]

1. d4 c5 2. c3 e6 3. Nf3 d5 4. Bf4 Nc6 5. e3 Nf6 6. Nbd2 Bd6 7. Bg3 0-0 8. Bd3 cxd4 9. exd4 Qc7 10. Bxd6 Qxd6 11. 0-0 Qf4 12. Re1 h5 13. g3 Qh6 14. Ne5 Ne7 15. f4 Nh7 16. Qc2 g6 17. Ndf3 Kg7 18. Nh4 Rg8 19. Re2 Nf8 20. Rf1 f6 21. Nef3 Kh8 22. Ng2 Nf5 23. Kf2 Bd7 24. Ngh4 Nd6 25. Rfe1 Bc6 26. a4 Ne4+ 27. Kg1 Nh7 28. Rxe4 dxe4 29. Bxe4 g5 30. fxg5 fxg5 31. Ne5 Raf8 32. Nhg6+ Kg7 33. Nxf8 Rxf8 34. Bxh7 Qxh7 35. Qxh7+ Kxh7 36. Nxc6 bxc6 37. Rxe6 Rc8 38. Re7+ Kg6 39. Rxa7 Kf5 40. Re7 Rb8 41. b4 1-0

[Event "SVK-chT1W 2223"]
[Site "Slovakia"]
[Date "2022.10.15"]
[Round "1.6"]
[White "Macka, Oto"]
[Black "Kovac, Lubomir"]
[Result "1/2-1/2"]
[WhiteElo "1941"]
[BlackElo "2063"]
[PlyCount "49"]
[EventDate "2022.10.15"]
[EventType "team-tourn"]
[EventRounds "11"]
[EventCountry "SVK"]
[SourceTitle "EXT 2024"]
[Source "ChessBase"]
[SourceDate "2023.10.10"]
[SourceVersion "1"]
[SourceVersionDate "2023.10.10"]
[SourceQuality "1"]
[WhiteTeam "Bratislava Doprastav"]
[BlackTeam "Levice"]
[WhiteTeamCountry "SVK"]
[BlackTeamCountry "SVK"]

1. d4 Nf6 2. c4 e6 3. g3 Bb4+ 4. Bd2 Bxd2+ 5. Qxd2 d6 6. Nf3 0-0 7. Nc3 Qe7 8. e4 e5 9. d5 a5 10. Bg2 Na6 11. 0-0 Nc5 12. Ne1 Ne8 13. Rb1 f5 14. f3 f4 15. g4 g5 16. b3 Nf6 17. a3 b6 18. b4 Nb7 19. Nd3 h5 20. h3 Qh7 21. c5 axb4 22. axb4 bxc5 23. bxc5 Nxc5 24. Nxc5 dxc5 25. Rfc1 1/2-1/2

[Event "SVK-chT2B 1920"]
[Site "Slovakia"]
[Date "2020.02.16"]
[Round "9.7"]
[White "Belak, Stefan"]
[Black "Kovac, Lubomir"]
[Result "1/2-1/2"]
[WhiteElo "1875"]
[BlackElo "2104"]
[PlyCount "21"]
[EventDate "2019.10.26"]
[EventType "team-tourn"]
[EventRounds "11"]
[EventCountry "SVK"]
[SourceTitle "CBM 195 Extra"]
[Source "ChessBase"]
[SourceDate "2020.05.31"]
[SourceVersion "1"]
[SourceVersionDate "2020.05.31"]
[SourceQuality "1"]
[WhiteTeam "Povazska Bystrica II"]
[BlackTeam "Sala Slovan Duslo"]
[WhiteTeamCountry "SVK"]
[BlackTeamCountry "SVK"]

1. d4 d5 2. Nf3 Nf6 3. g3 c6 4. Bg2 Bg4 5. Ne5 Bf5 6. c3 e6 7. Nd2 Nbd7 8. Ndf3 h6 9. Qb3 Qb6 10. Nxd7 Nxd7 11. Qxb6 1/2-1/2

[Event "SVK-chT2B 1920"]
[Site "Slovakia"]
[Date "2020.02.16"]
[Round "9.2"]
[White "Kovac, Lubomir"]
[Black "Jakubek, Peter"]
[Result "1/2-1/2"]
[WhiteElo "2104"]
[BlackElo "2135"]
[PlyCount "20"]
[EventDate "2019.10.26"]
[EventType "team-tourn"]
[EventRounds "11"]
[EventCountry "SVK"]
[SourceTitle "CBM 195 Extra"]
[Source "ChessBase"]
[SourceDate "2020.05.31"]
[SourceVersion "1"]
[SourceVersionDate "2020.05.31"]
[SourceQuality "1"]
[WhiteTeam "Sala Slovan Duslo"]
[BlackTeam "Povazska Bystrica II"]
[WhiteTeamCountry "SVK"]
[BlackTeamCountry "SVK"]

1. d4 d5 2. c4 c6 3. Nf3 Nf6 4. Nc3 dxc4 5. a4 Bf5 6. e3 Nbd7 7. Bxc4 e6 8. 0-0 Be7 9. Bd2 0-0 10. Qe2 Ne4 1/2-1/2

[Event "SVK-chT2B 1920"]
[Site "Slovakia"]
[Date "2019.11.17"]
[Round "4.2"]
[White "Krupa, Miroslav"]
[Black "Kovac, Lubomir"]
[Result "1-0"]
[WhiteElo "2125"]
[BlackElo "2104"]
[PlyCount "131"]
[EventDate "2019.10.26"]
[EventType "team-tourn"]
[EventRounds "11"]
[EventCountry "SVK"]
[SourceTitle "CBM 193 Extra"]
[Source "ChessBase"]
[SourceDate "2020.01.31"]
[SourceVersion "1"]
[SourceVersionDate "2020.01.31"]
[SourceQuality "1"]
[WhiteTeam "Tlmace"]
[BlackTeam "Sala Slovan Duslo"]
[WhiteTeamCountry "SVK"]
[BlackTeamCountry "SVK"]

1. e4 e5 2. Nf3 Nc6 3. Bc4 Nf6 4. d3 Be7 5. 0-0 0-0 6. Re1 d6 7. c3 Na5 8. Bb5 a6 9. Ba4 b5 10. Bc2 c5 11. Nbd2 Ne8 12. d4 Nc6 13. Nf1 cxd4 14. cxd4 Bg4 15. dxe5 Nxe5 16. Ne3 Bxf3 17. gxf3 Bg5 18. Ng2 Bxc1 19. Rxc1 Ng6 20. Bb3 Qf6 21. Qe2 Qe5 22. Qd2 Nf6 23. Red1 Nh5 24. Qxd6 Qg5 25. Rc5 Qh6 26. Rc7 Nhf4 27. Nxf4 Qxf4 28. Qxf4 Nxf4 29. Rdd7 Rad8 30. Bxf7+ Kh8 31. Bb3 Rxd7 32. Rxd7 g5 33. Kf1 Rc8 34. Ke1 Rc1+ 35. Rd1 Rc6 36. Rd8+ Kg7 37. Rd7+ Kg6 38. Kd2 Rf6 39. Bg8 h6 40. e5 Rf8 41. Bh7+ Kh5 42. Rd6 Re8 43. Bf5 Rh8 44. e6 Ng6 45. Bxg6+ Kxg6 46. e7+ Kf7 47. Rd8 Re8 48. Rxe8 Kxe8 49. Kc3 Kxe7 50. Kb4 Kd6 51. Ka5 Kc5 52. Kxa6 h5 53. Ka5 b4 54. b3 h4 55. h3 Kd4 56. Kxb4 Kd3 57. a4 Ke2 58. a5 Kxf2 59. a6 Kg2 60. a7 Kxh3 61. a8Q Kg3 62. Qe4 h3 63. Qg4+ Kh2 64. Qxg5 Kh1 65. Qg3 h2 66. Qxh2+ 1-0

[Event "SVK-chT2B 1920"]
[Site "Slovakia"]
[Date "2019.11.16"]
[Round "3.8"]
[White "Kovac, Lubomir"]
[Black "Zilkay, Dominik"]
[Result "0-1"]
[WhiteElo "2104"]
[BlackElo "1669"]
[PlyCount "102"]
[EventDate "2019.10.26"]
[EventType "team-tourn"]
[EventRounds "11"]
[EventCountry "SVK"]
[SourceTitle "CBM 193 Extra"]
[Source "ChessBase"]
[SourceDate "2020.01.31"]
[SourceVersion "1"]
[SourceVersionDate "2020.01.31"]
[SourceQuality "1"]
[WhiteTeam "Sala Slovan Duslo"]
[BlackTeam "Levice"]
[WhiteTeamCountry "SVK"]
[BlackTeamCountry "SVK"]

1. d4 d5 2. c4 c6 3. Nc3 Nf6 4. Nf3 e6 5. Bg5 dxc4 6. e3 b5 7. a4 Bb4 8. Bxf6 Qxf6 9. Be2 Bb7 10. 0-0 a6 11. Qc2 Nd7 12. Rfd1 0-0 13. Rac1 Nb6 14. axb5 cxb5 15. Ne5 Rfd8 16. Bf3 Bxf3 17. Nxf3 Qe7 18. Ne5 Rdc8 19. Qb1 Bd6 20. Nf3 Nd5 21. Nxd5 exd5 22. Re1 Re8 23. b3 Bb4 24. Re2 c3 25. Ne5 Qb7 26. Nd3 a5 27. Rcc2 Qc7 28. Ra2 Bd6 29. g3 b4 30. Rec2 Qd7 31. Ra4 Qf5 32. Ne1 h5 33. Ng2 Re6 34. Qd1 Rh6 35. Nh4 Qe6 36. Raa2 Qd7 37. Ra4 g5 38. Ng2 h4 39. Qf3 Bc7 40. g4 Qd6 41. Qh3 Qg6 42. Ne1 Rf8 43. Qf3 Qd6 44. Qh1 f5 45. gxf5 Rxf5 46. Raa2 g4 47. Nd3 Qf6 48. Ne5 Bxe5 49. dxe5 Qxe5 50. Rxa5 Rf3 51. Qg2 Rg6 0-1

[Event "SVK-chT2B 1718"]
[Site "Slovakia"]
[Date "2017.11.26"]
[Round "4.2"]
[White "Kovac, Lubomir"]
[Black "Beres, Lukas"]
[Result "0-1"]
[WhiteElo "2146"]
[BlackElo "2067"]
[PlyCount "68"]
[EventDate "2017.10.28"]
[EventType "team-tourn"]
[EventRounds "11"]
[EventCountry "SVK"]
[SourceTitle "CBM 181 Extra"]
[Source "ChessBase"]
[SourceDate "2017.12.12"]
[SourceVersion "1"]
[SourceVersionDate "2017.12.12"]
[SourceQuality "1"]
[WhiteTeam "Sala Slovan Duslo"]
[BlackTeam "Tlmace"]
[WhiteTeamCountry "SVK"]
[BlackTeamCountry "SVK"]

1. d4 Nf6 2. c4 c6 3. Nc3 d6 4. e4 Nbd7 5. f3 e5 6. d5 Be7 7. Be3 0-0 8. Nh3 Re8 9. Nf2 Nh5 10. Qd2 a6 11. Be2 Nf8 12. g4 Nf4 13. Rg1 N8g6 14. 0-0-0 c5 15. Nd3 Bh4 16. Kb1 Bg5 17. h4 Bxh4 18. Nxf4 exf4 19. Bxf4 Nxf4 20. Qxf4 Bg5 21. Qh2 Qf6 22. Rdf1 Bf4 23. Qg2 h6 24. Bd3 Bd7 25. e5 Qxe5 26. Ne4 b5 27. Re1 bxc4 28. Bxc4 Qd4 29. Qc2 Rab8 30. a3 Be5 31. Rg2 Ba4 32. Qc3 Qxc3 33. Nxc3 Bxc3 34. Rxe8+ Bxe8 0-1

[Event "SVK-chT2B 1718"]
[Site "Slovakia"]
[Date "2017.10.29"]
[Round "2.7"]
[White "Kovac, Lubomir"]
[Black "Bona, Zoltan"]
[Result "0-1"]
[WhiteElo "2146"]
[BlackElo "1868"]
[PlyCount "96"]
[EventDate "2017.10.28"]
[EventType "team-tourn"]
[EventRounds "11"]
[EventCountry "SVK"]
[SourceTitle "CBM 181 Extra"]
[Source "ChessBase"]
[SourceDate "2017.12.12"]
[SourceVersion "1"]
[SourceVersionDate "2017.12.12"]
[SourceQuality "1"]
[WhiteTeam "Sala Slovan Duslo"]
[BlackTeam "Batorove Kosihy"]
[WhiteTeamCountry "SVK"]
[BlackTeamCountry "SVK"]

1. d4 d5 2. c4 e6 3. Nf3 Nf6 4. Nc3 b6 5. Bg5 Be7 6. e3 0-0 7. Rc1 Bb7 8. Bd3 dxc4 9. Bxc4 Nbd7 10. 0-0 c5 11. Be2 Rc8 12. Qb3 Nd5 13. Bxe7 Qxe7 14. Rfd1 Rfd8 15. Qa3 a5 16. Nxd5 Bxd5 17. dxc5 Nxc5 18. Nd4 e5 19. Nf5 Qf6 20. Ng3 Qc6 21. f3 Qe6 22. b3 e4 23. f4 Bb7 24. Rxd8+ Rxd8 25. Rxc5 bxc5 26. Qxc5 Qd5 27. Qc7 g6 28. Bc4 Qd1+ 29. Nf1 Rd7 30. Qb8+ Kg7 31. Qe5+ Kg8 32. Qxa5 Bd5 33. Qd2 Bxc4 34. Qxd1 Rxd1 35. bxc4 Ra1 36. a3 Rxa3 37. c5 Rc3 38. Nd2 f5 39. Kf2 Rxc5 40. Kg3 Rc3 41. Nf1 Kf7 42. h4 Kg7 43. Kh3 h5 44. Kg3 Kf6 45. Kf2 Rc2+ 46. Kg3 Ke6 47. Kh3 Kd5 48. Nh2 Rc1 0-1

[Event "Banska Bystrica op-B"]
[Site "Banska Bystrica"]
[Date "2013.09.15"]
[Round "8"]
[White "Kovac, Lubomir"]
[Black "Castiglione, Mario"]
[Result "1/2-1/2"]
[WhiteElo "2116"]
[BlackElo "2270"]
[PlyCount "24"]
[EventDate "2013.09.13"]
[EventType "swiss (rapid)"]
[EventRounds "9"]
[EventCountry "SVK"]
[SourceTitle "EXT 2014"]
[Source "ChessBase"]
[SourceDate "2013.11.20"]
[SourceVersion "1"]
[SourceVersionDate "2013.11.20"]
[SourceQuality "1"]

1. d4 Nf6 2. c4 c6 3. Nc3 d5 4. Nf3 g6 5. Bf4 Bg7 6. e3 0-0 7. Rc1 Bg4 8. h3 Bxf3 9. Qxf3 Qa5 10. Bd3 Nbd7 11. 0-0 dxc4 12. Bxc4 e5 1/2-1/2

[Event "Banska Bystrica op-B"]
[Site "Banska Bystrica"]
[Date "2013.09.14"]
[Round "5"]
[White "Druska, Juraj"]
[Black "Kovac, Lubomir"]
[Result "1-0"]
[WhiteElo "2386"]
[BlackElo "2116"]
[PlyCount "73"]
[EventDate "2013.09.13"]
[EventType "swiss (rapid)"]
[EventRounds "9"]
[EventCountry "SVK"]
[SourceTitle "EXT 2014"]
[Source "ChessBase"]
[SourceDate "2013.11.20"]
[SourceVersion "1"]
[SourceVersionDate "2013.11.20"]
[SourceQuality "1"]

1. e4 e5 2. Nf3 Nc6 3. Bc4 Nf6 4. Ng5 d5 5. exd5 Na5 6. d3 h6 7. Nf3 Bd6 8. Bb5+ c6 9. dxc6 bxc6 10. Ba4 0-0 11. 0-0 Bg4 12. Nbd2 Qc7 13. h3 Bh5 14. Re1 Rad8 15. g4 Bg6 16. Nh4 Nd5 17. Qf3 Nf4 18. Ne4 Be7 19. Nf5 Bxf5 20. gxf5 Kh7 21. Bd2 Nb7 22. Bxc6 Nd6 23. Bxf4 exf4 24. f6 Bxf6 25. Nxf6+ gxf6 26. c3 Rb8 27. Re2 Rb6 28. Bd5 Qc5 29. Rae1 Rg8+ 30. Kh1 Rg5 31. Bb3 Qc8 32. Re7 Rbb5 33. Bxf7 Nxf7 34. Rxf7+ Kg8 35. Rfe7 Rbe5 36. R1xe5 fxe5 37. Kh2 1-0

[Event "Banska Bystrica op-B"]
[Site "Banska Bystrica"]
[Date "2013.09.14"]
[Round "3"]
[White "Jancovic, Peter"]
[Black "Kovac, Lubomir"]
[Result "0-1"]
[WhiteElo "2186"]
[BlackElo "2116"]
[PlyCount "100"]
[EventDate "2013.09.13"]
[EventType "swiss (rapid)"]
[EventRounds "9"]
[EventCountry "SVK"]
[SourceTitle "EXT 2014"]
[Source "ChessBase"]
[SourceDate "2013.11.20"]
[SourceVersion "1"]
[SourceVersionDate "2013.11.20"]
[SourceQuality "1"]

1. e4 e5 2. Nf3 Nc6 3. Bb5 f5 4. d3 fxe4 5. dxe4 Nf6 6. Nc3 Bc5 7. Bc4 d6 8. Bg5 Bg4 9. h3 Bxf3 10. Qxf3 Nd4 11. Qd3 c6 12. a3 h6 13. Be3 Qe7 14. 0-0-0 0-0-0 15. Ba2 Ne6 16. Rhe1 Rhf8 17. Qc4 Bxe3+ 18. Rxe3 Nc7 19. Qe2 Ne6 20. Rd2 Kb8 21. g3 Ne8 22. Qh5 Rf6 23. Re1 Qf8 24. Bxe6 Rxe6 25. Nd1 Rf6 26. Qe2 Nc7 27. Ne3 Ne6 28. c3 Nc5 29. Ng4 Nb3+ 30. Kc2 Nxd2 31. Nxf6 Qxf6 32. Qxd2 Rf8 33. Re2 Kc7 34. h4 Qf3 35. c4 Qf7 36. Qa5+ Kb8 37. Qb4 Qg6 38. Kc1 Kc7 39. Rd2 Qf6 40. a4 c5 41. Qa5+ Kb8 42. b4 Qe6 43. bxc5 Qxc4+ 44. Rc2 Qd4 45. cxd6 Qa1+ 46. Kd2 Rxf2+ 47. Ke3 Rxc2 48. d7 Qc1+ 49. Kf3 Qd1+ 50. Ke3 Qe2# 0-1

[Event "Banska Bystrica op-B"]
[Site "Banska Bystrica"]
[Date "2013.09.14"]
[Round "6"]
[White "Kovac, Lubomir"]
[Black "Repka, Christopher"]
[Result "1/2-1/2"]
[WhiteElo "2116"]
[BlackElo "2378"]
[PlyCount "129"]
[EventDate "2013.09.13"]
[EventType "swiss (rapid)"]
[EventRounds "9"]
[EventCountry "SVK"]
[SourceTitle "EXT 2014"]
[Source "ChessBase"]
[SourceDate "2013.11.20"]
[SourceVersion "1"]
[SourceVersionDate "2013.11.20"]
[SourceQuality "1"]

1. d4 e6 2. c4 Nf6 3. Nf3 b6 4. g3 Bb7 5. Bg2 Be7 6. 0-0 0-0 7. Nc3 Ne4 8. Qc2 Nxc3 9. Qxc3 f5 10. Rd1 Bf6 11. b3 d6 12. Bb2 Nd7 13. Ne1 Bxg2 14. Nxg2 Qe7 15. e3 Rae8 16. Qd2 Qf7 17. f4 Bd8 18. Ba3 Nf6 19. c5 Ne4 20. Qc2 Qh5 21. cxd6 cxd6 22. Rf1 Rf6 23. Ne1 Rg6 24. Qg2 b5 25. Nf3 Ba5 26. b4 Bb6 27. Rac1 Rg4 28. Nd2 Nxd2 29. Qxd2 Qf7 30. Bb2 d5 31. Rc6 h5 32. Kf2 h4 33. Rg1 Rg6 34. Qe2 Rh6 35. Rg2 hxg3+ 36. hxg3 Rh1 37. Qxb5 Rb1 38. Qe2 Qd7 39. Rc1 Rxc1 40. Bxc1 Rc8 41. Bd2 Qa4 42. Rg1 Qxa2 43. Rc1 Rxc1 44. Bxc1 Qxe2+ 45. Kxe2 a6 46. Bd2 Kf7 47. Kd3 Ke7 48. Kc3 Bd8 49. Kc2 Kd7 50. Kb3 Kc6 51. Ka4 Kb6 52. Be1 g5 53. Bf2 Bf6 54. Be1 Bd8 55. Bf2 Kc6 56. Be1 Be7 57. Bf2 Kd7 58. b5 axb5+ 59. Kxb5 g4 60. Ka4 Kc6 61. Be1 Bd8 62. Bd2 Be7 63. Be1 Kd7 64. Bd2 Bd6 65. Be1 1/2-1/2

[Event "SVK-chT2B 1112"]
[Site "Slovakia"]
[Date "2012.02.26"]
[Round "11.5"]
[White "Masarik, Drahoslav"]
[Black "Kovac, Lubomir"]
[Result "1/2-1/2"]
[WhiteElo "2027"]
[BlackElo "2061"]
[PlyCount "24"]
[EventDate "2011.10.08"]
[EventType "team-tourn"]
[EventRounds "11"]
[EventCountry "SVK"]
[SourceTitle "EXT 2013"]
[Source "ChessBase"]
[SourceDate "2012.11.22"]
[SourceVersion "1"]
[SourceVersionDate "2012.11.22"]
[SourceQuality "1"]
[WhiteTeam "Trencin SK II"]
[BlackTeam "Sala Slovan Duslo"]
[WhiteTeamCountry "SVK"]
[BlackTeamCountry "SVK"]

1. Nf3 Nf6 2. c4 e6 3. Nc3 d5 4. d4 c6 5. cxd5 exd5 6. Qc2 Bd6 7. Bg5 Nbd7 8. e3 0-0 9. Bd3 Qa5 10. 0-0 Re8 11. a3 Qc7 12. Rfc1 h6 1/2-1/2

[Event "SVK-chT2B 1112"]
[Site "Slovakia"]
[Date "2011.10.08"]
[Round "1.6"]
[White "Nemeth, Eugen"]
[Black "Kovac, Lubomir"]
[Result "1/2-1/2"]
[WhiteElo "1991"]
[BlackElo "2061"]
[PlyCount "85"]
[EventDate "2011.10.08"]
[EventType "team-tourn"]
[EventRounds "11"]
[EventCountry "SVK"]
[SourceTitle "EXT 2013"]
[Source "ChessBase"]
[SourceDate "2012.11.22"]
[SourceVersion "1"]
[SourceVersionDate "2012.11.22"]
[SourceQuality "1"]
[WhiteTeam "Nove Zamky Basta"]
[BlackTeam "Sala Slovan Duslo"]
[WhiteTeamCountry "SVK"]
[BlackTeamCountry "SVK"]

1. g3 Nf6 2. c4 e5 3. Nc3 Nc6 4. Bg2 Be7 5. e4 0-0 6. Nge2 Bc5 7. 0-0 a6 8. d3 d6 9. h3 h6 10. Kh2 Nh7 11. f4 Nd4 12. f5 c6 13. Nxd4 Bxd4 14. Qh5 Qf6 15. h4 Bb6 16. Bd2 Bd8 17. a4 a5 18. Be3 Re8 19. Rad1 Be7 20. d4 Bf8 21. Qe2 Qe7 22. Qf2 Nf6 23. Bf3 Nd7 24. g4 exd4 25. Bxd4 Ne5 26. Bxe5 Qxe5+ 27. Qg3 Bd7 28. g5 Qxg3+ 29. Kxg3 hxg5 30. hxg5 Be7 31. Kf4 f6 32. g6 d5 33. cxd5 Bd6+ 34. Kg4 c5 35. b3 Kf8 36. Ne2 Ke7 37. Nf4 Bxf4 38. Kxf4 Kd6 39. Be2 Re5 40. Bd3 Rh8 41. Rh1 Rg8 42. Rh7 Ree8 43. Rdh1 1/2-1/2

[Event "SVK-chT2B 10/11"]
[Site "Slovakia"]
[Date "2011.03.26"]
[Round "10.2"]
[White "Kovac, Lubomir"]
[Black "Kocmal, Jaroslav"]
[Result "1-0"]
[WhiteElo "2047"]
[BlackElo "2030"]
[PlyCount "73"]
[EventDate "2010.10.23"]
[EventType "team-tourn"]
[EventRounds "11"]
[EventCountry "SVK"]
[SourceTitle "EXT 2019"]
[Source "ChessBase"]
[SourceDate "2018.10.10"]
[SourceVersion "1"]
[SourceVersionDate "2018.10.10"]
[SourceQuality "1"]
[WhiteTeam "Sala Slovan Duslo"]
[BlackTeam "Surany Lokomotiva"]
[WhiteTeamCountry "SVK"]
[BlackTeamCountry "SVK"]

1. d4 Nf6 2. c4 e6 3. Nf3 Bb4+ 4. Bd2 Qe7 5. g3 0-0 6. Bg2 d5 7. a3 Bxd2+ 8. Nbxd2 c5 9. dxc5 Qxc5 10. cxd5 exd5 11. 0-0 Nc6 12. b4 Qb6 13. Nb3 Rd8 14. Nbd4 Bg4 15. Qd3 Rac8 16. Rac1 a6 17. Nxc6 bxc6 18. Ne5 Be6 19. Rc5 Nd7 20. Nxd7 Rxd7 21. Rfc1 Rdc7 22. e3 Ra8 23. Qc3 Rac8 24. Bf1 f6 25. Qd4 Qb7 26. Ra5 Ra8 27. Qd3 Bc8 28. Rxd5 cxd5 29. Rxc7 Qxc7 30. Qxd5+ Kf8 31. Qxa8 Qc1 32. Kg2 Kf7 33. Bxa6 Bd7 34. Qb7 Ke6 35. Qe4+ Kf7 36. Qc4+ Qxc4 37. Bxc4+ 1-0

[Event "SVK-chT2B 10/11"]
[Site "Slovakia"]
[Date "2010.12.05"]
[Round "4.1"]
[White "Kovac, Lubomir"]
[Black "Marko, Anton"]
[Result "0-1"]
[WhiteElo "2047"]
[BlackElo "2103"]
[PlyCount "104"]
[EventDate "2010.10.23"]
[EventType "team-tourn"]
[EventRounds "11"]
[EventCountry "SVK"]
[SourceTitle "EXT 2019"]
[Source "ChessBase"]
[SourceDate "2018.10.10"]
[SourceVersion "1"]
[SourceVersionDate "2018.10.10"]
[SourceQuality "1"]
[WhiteTeam "Sala Slovan Duslo"]
[BlackTeam "Partizanske SK Neomax"]
[WhiteTeamCountry "SVK"]
[BlackTeamCountry "SVK"]

1. d4 Nf6 2. c4 e6 3. Nf3 b6 4. g3 Bb4+ 5. Bd2 Bxd2+ 6. Nbxd2 Bb7 7. Qc2 c5 8. dxc5 bxc5 9. Bg2 Nc6 10. 0-0 0-0 11. Rac1 Qc7 12. Rfd1 a5 13. Ne4 Nxe4 14. Qxe4 Rab8 15. Rd2 Rfd8 16. Rcd1 h6 17. Qh4 a4 18. Qh5 d6 19. b3 axb3 20. axb3 Na5 21. Rd3 Be4 22. Re3 Bg6 23. Qg4 Rxb3 24. Rxb3 Nxb3 25. e4 Bh7 26. Qh4 e5 27. Nxe5 Nd4 28. Ng4 Re8 29. Kh1 Qb7 30. e5 Qb3 31. Rf1 dxe5 32. Ne3 e4 33. Qf4 Qb8 34. Qxb8 Rxb8 35. Ra1 g5 36. Ra5 Rb1+ 37. Bf1 f5 38. Ra8+ Kg7 39. Ra7+ Kh8 40. Kg2 f4 41. Ra8+ Bg8 42. Ng4 f3+ 43. Kh3 Rxf1 44. Nxh6 Kg7 45. Nxg8 Rxf2 46. Ne7 e3 47. Ra7 e2 48. Nd5+ Kg6 49. Ne7+ Kf6 50. Nd5+ Ke5 51. Re7+ Kd6 52. Re8 Ne6 0-1

[Event "SVK-ch op-B"]
[Site "Banska Stiavnica"]
[Date "2010.07.18"]
[Round "9"]
[White "Geffert, Anton"]
[Black "Kovac, Lubomir"]
[Result "0-1"]
[WhiteElo "1960"]
[BlackElo "2199"]
[PlyCount "48"]
[EventDate "2010.07.10"]
[EventType "swiss"]
[EventRounds "9"]
[EventCountry "SVK"]
[SourceTitle "CBM 137 Extra"]
[Source "ChessBase"]
[SourceDate "2010.09.01"]
[SourceVersion "1"]
[SourceVersionDate "2010.09.01"]
[SourceQuality "1"]

1. d4 Nf6 2. c4 e6 3. Nc3 d5 4. Nf3 c6 5. e3 Nbd7 6. cxd5 exd5 7. Bd3 Bd6 8. 0-0 0-0 9. Qc2 Re8 10. e4 dxe4 11. Nxe4 Nxe4 12. Bxe4 Nf6 13. Bg5 h6 14. Bh4 g5 15. Nxg5 Nxe4 16. Nxe4 Bxh2+ 17. Kxh2 Qxh4+ 18. Kg1 Qxe4 19. Qd2 Qg6 20. f3 Be6 21. b3 Bd5 22. Kf2 Qg5 23. Qc3 Qh4+ 24. Kg1 Re2 0-1

[Event "SVK-ch op-B"]
[Site "Banska Stiavnica"]
[Date "2010.07.17"]
[Round "8"]
[White "Zentko, Ladislav"]
[Black "Kovac, Lubomir"]
[Result "1-0"]
[WhiteElo "1883"]
[BlackElo "2199"]
[PlyCount "102"]
[EventDate "2010.07.10"]
[EventType "swiss"]
[EventRounds "9"]
[EventCountry "SVK"]
[SourceTitle "CBM 137 Extra"]
[Source "ChessBase"]
[SourceDate "2010.09.01"]
[SourceVersion "1"]
[SourceVersionDate "2010.09.01"]
[SourceQuality "1"]

1. Nf3 Nf6 2. d4 e6 3. c4 b6 4. Nc3 Bb7 5. Bg5 Be7 6. e3 0-0 7. Bd3 d5 8. Bxf6 Bxf6 9. cxd5 exd5 10. 0-0 c5 11. Rc1 g6 12. Ne2 Nd7 13. Nf4 Rc8 14. Qd2 Bg7 15. b3 Nf6 16. Qe2 Qd6 17. Ba6 Qb8 18. Bxb7 Qxb7 19. Qb5 a6 20. Qd3 Rfd8 21. Rc2 Qa7 22. Rfc1 Bf8 23. h4 Rd6 24. Nh3 Ne4 25. Nhg5 f5 26. Ne5 Be7 27. Ngf7 c4 28. bxc4 Rf6 29. cxd5 Rxc2 30. Qxc2 Rxf7 31. Qc8+ Rf8 32. Qe6+ Kg7 33. Nc6 Qc7 34. Qxe7+ Qxe7 35. Nxe7 Rf7 36. Nc8 Nf6 37. Nxb6 Kh6 38. d6 Rb7 39. Rc6 a5 40. d7 Nxd7 41. Nxd7 Rxd7 42. Rc5 Ra7 43. a4 Kh5 44. g3 Kg4 45. Kg2 Rb7 46. Rxa5 Rb2 47. Rc5 h5 48. a5 g5 49. hxg5 f4 50. exf4 Rd2 51. a6 h4 1-0

[Event "SVK-ch op-B"]
[Site "Banska Stiavnica"]
[Date "2010.07.11"]
[Round "2"]
[White "Zakovic, Jozef"]
[Black "Kovac, Lubomir"]
[Result "1/2-1/2"]
[WhiteElo "1884"]
[BlackElo "2199"]
[PlyCount "92"]
[EventDate "2010.07.10"]
[EventType "swiss"]
[EventRounds "9"]
[EventCountry "SVK"]
[SourceTitle "CBM 137 Extra"]
[Source "ChessBase"]
[SourceDate "2010.09.01"]
[SourceVersion "1"]
[SourceVersionDate "2010.09.01"]
[SourceQuality "1"]

1. e4 e5 2. Nf3 Nc6 3. Bb5 a6 4. Ba4 Nf6 5. 0-0 Be7 6. Re1 b5 7. Bb3 d6 8. c3 0-0 9. h3 Nb8 10. d4 Nbd7 11. Nbd2 Bb7 12. Bc2 c5 13. Nf1 Qc7 14. Bg5 Rfe8 15. dxe5 dxe5 16. Qe2 Nf8 17. Rad1 Ne6 18. Bc1 Nh5 19. g3 Nf6 20. Ng5 Nxg5 21. Bxg5 Bc8 22. Kh2 Be6 23. a3 Qc8 24. Bxf6 Bxf6 25. g4 Bg5 26. Ne3 Qc7 27. Kg2 Rad8 28. Rxd8 Rxd8 29. Rd1 Rxd1 30. Bxd1 g6 31. Qd3 Qd8 32. Qxd8+ Bxd8 33. f3 Bg5 34. Kf2 Kg7 35. b3 Kh6 36. Nd5 Bc1 37. a4 Kg5 38. axb5 axb5 39. Be2 b4 40. c4 Kh4 41. Bf1 Bb2 42. Nf6 Bd4+ 43. Kg2 Kg5 44. Nd5 f5 45. Kg3 Kh6 46. Bd3 f4+ 1/2-1/2

[Event "SVK-chT2D 0910"]
[Site "Slovakia"]
[Date "2009.11.07"]
[Round "3.21"]
[White "Mazur, Stefan"]
[Black "Kovac, Lubomir"]
[Result "1-0"]
[WhiteElo "2367"]
[BlackElo "2238"]
[PlyCount "45"]
[EventDate "2009.10.10"]
[EventType "team"]
[EventRounds "11"]
[EventCountry "SVK"]
[SourceTitle "EXT 2011"]
[Source "ChessBase"]
[SourceDate "2010.11.26"]
[SourceVersion "1"]
[SourceVersionDate "2010.11.26"]
[SourceQuality "1"]
[WhiteTeam "Michalovce Zemplin II"]
[BlackTeam "Presov Tatran"]
[WhiteTeamCountry "SVK"]
[BlackTeamCountry "SVK"]

1. e4 e5 2. Nf3 d6 3. d4 Nd7 4. Nc3 Ngf6 5. g4 Nxg4 6. Rg1 exd4 7. Nxd4 Nge5 8. Bg5 Nf6 9. f4 Ng6 10. h4 Ne7 11. e5 dxe5 12. fxe5 Nfd5 13. Bb5+ c6 14. Nxc6 bxc6 15. Bxc6+ Bd7 16. Bxd5 Qb6 17. Rf1 0-0-0 18. Qd3 Be6 19. Be3 Qa5 20. Qc4+ Kd7 21. 0-0-0 Ke8 22. Bxe6 fxe6 23. Qxe6 1-0